Historia de la acumulación capitalista en Chile: apuntes de clase

Sábháilte in:
Sonraí bibleagrafaíochta
Príomhchruthaitheoir: Salazar Vergara, Gabriel Segundo (autor)
Formáid: LEABHAR
Teanga:Spáinnis
Foilsithe / Cruthaithe: Santiago, Chile Lom 2003
Sraith:Colección Historia
Ábhair:
Clibeanna: Cuir clib leis
Níl clibeanna ann, Bí ar an gcéad duine le clib a chur leis an taifead seo!

MARC

LEADER 00000cam a2200000 a 4500
001 UCL0612
003 CL-VaPUC
005 20250505164443.0
008 030728e20030000CL |||||||||||||||||spa|d
999 |c 304427  |d 304425 
020 |a 9562825442 
040 |c Pontificia Universidad Católica de Valparaíso 
082 0 4 |a 330.9183 SAL 2003  |2 21 
100 |a Salazar Vergara, Gabriel Segundo  |e autor  |9 621733 
245 1 0 |a Historia de la acumulación capitalista en Chile:  |b  apuntes de clase 
260 |a Santiago, Chile  |b Lom  |c 2003 
300 |a 163 páginas 
490 0 |a Colección Historia 
583 |a last modification  |c 20140107 02:10:49  |k Rodrigo Vera 
650 0 |a Historia económica chilena   |z CHILE  |9 464583 
650 0 |a Capitalismo  |z CHILE  |9 255255 
852 |a BIBCUR 
942 |c BK  |2 ddc 
945 |d 20030728 00:00:00  |a cmena 
952 |0 0  |1 0  |2 ddc  |4 0  |6 330_918300000000000_SAL_2003  |7 0  |8 A  |9 366711  |a BIBHIS  |b BIBHIS  |d 2019-11-21  |i 3911810  |l 2  |o 330.9183 SAL 2003  |p 3911810  |r 2025-01-20  |s 2023-07-04  |t 1  |w 2019-11-21  |y BK  |k HIS 
952 |0 0  |1 0  |2 ddc  |3 erb  |4 0  |6 330_918300000000000_SAL_2003  |7 0  |8 A  |9 366712  |a BIBING  |b BIBING  |i 5045436  |l 1  |o 330.9183 SAL 2003  |p 5045436  |r 2025-01-20  |s 2023-10-24  |t 2  |w 2019-11-21  |y BK  |z Catalogado en:20140109  |k GEO 
952 |0 0  |1 0  |2 ddc  |3 erb  |4 0  |6 330_918300000000000_SAL_2003  |7 0  |8 A  |9 366713  |a FDOHBE  |b FDOHBE  |e Huesbe Llanos, Marco Antonio, 1934-  |i 5309522  |o 330.9183 SAL 2003  |p 5309522  |r 2024-01-30  |t 3  |w 2019-11-21  |y BK  |z Catalogado en:20160616  |k HBE